| 000 | 00552nam a2200193 a 4500 | ||
|---|---|---|---|
| 005 | 20241112063716.0 | ||
| 008 | 040507s2001 mx r 000 0 spa d | ||
| 020 | _a9700512827 | ||
| 035 | _aUPN01000133347 | ||
| 049 | _aCG | ||
| 050 | 4 |
_aPQ7298.2 O3.6 _bD6.5 |
|
| 100 | 1 |
_aJodorowsky, Alejandro, _d1929- _9293 |
|
| 245 | 1 | 0 |
_aDonde mejor canta un pájaro / _cAlejandro Jodorowsky. |
| 260 |
_aMéxico : _bMondadori, _c2001. |
||
| 300 | _a411 p. | ||
| 600 | 1 | 4 |
_aJODOROWSKY, ALEJANDRO, _d1929- _9293 |
| 650 | 4 |
_aAutobiografía _947175 |
|
| 905 | _aLibro | ||
| 999 |
_c105499 _d105499 |
||